000 01450nam a2200361 a 4500
001 ebr10516699
003 CaPaEBR
006 m u
007 cr cn|||||||||
008 010625s2001 vaua sb 001 0 eng d
010 _z 2001045138
020 _z1563474727 (alk. paper)
020 _z9781563474729
020 _z9781600860454 (e-book)
040 _aCaPaEBR
_cCaPaEBR
035 _a(OCoLC)648377291
050 1 4 _aTL870
_b.H36 2001eb
082 0 4 _a629.47
_221
100 1 _aHammond, Walter Edward,
_d1947-
245 1 0 _aDesign methodologies for space transportation systems
_h[electronic resource] /
_cWalter E. Hammond.
260 _aReston, Va. :
_bAmerican Institute of Aeronautics and Astronautics,
_cc2001.
300 _axxi, 866 p. :
_bill.
490 1 _aAIAA education series
504 _aIncludes bibliographical references and index.
533 _aElectronic reproduction.
_bPalo Alto, Calif. :
_cebrary,
_d2013.
_nAvailable via World Wide Web.
_nAccess may be limited to ebrary affiliated libraries.
650 0 _aAstronautics
_xSystems engineering.
650 0 _aSpace ships
_xDesign and construction.
650 0 _aReusable space vehicles
_xDesign and construction.
655 7 _aElectronic books.
_2local
710 2 _aebrary, Inc.
830 0 _aAIAA education series.
856 4 0 _uhttp://site.ebrary.com/lib/rucke/Doc?id=10516699
_zAn electronic book accessible through the World Wide Web; click to view
999 _c121232
_d121232